Wykreślanka #2. Kategoria: Wielcy Polacy - Statystyki

Ogólne statystyki
  • Ten quiz został rozwiązany 1 015 razy
  • Średni wynik to 7 z 12
Odpowiedzi na mapie
Odpowiedzi zakodowano w zielono-czerwonej skali na mapie do tego quizu, zgodnie z poniższymi procentami.
 
Statystyki odpowiedzi
Odpowiedź % Poprawnych
Wałęsa
92%
Szymborska
64%
Kopernik
62%
Matejko
62%
Miłosz
62%
Reymont
62%
Chopin
61%
Wojtyła
61%
Piłsudski
60%
Wajda
47%
Anders
44%
Lem
38%
Nie znaleziono quizów pasujących do podanych kryteriów
Rozkład punktacji
Procent ludzi z każdym wynikiem
Percentyl według liczby udzielonych odpowiedzi
Twoja historia wyników
Nie rozwiązałeś tego quizu